| 000 | 00556nam a2200133Ia 4500 | ||
|---|---|---|---|
| 001 | 2667 | ||
| 008 | 241024s9999 xx 000 0 und d | ||
| 082 | _aRD/379.7293/R426m/2009 | ||
| 100 | _aRepública Dominicana. Secretaría de Estado de Educacion. Subsecretaría de Participación Comunitaria Gestión y Descentralización Educativa | ||
| 245 | 0 | _aMotivación para el reinicio de las clases, 6 de enero 2009, "Después de epifanía regresemos a la escuela con alegría" | |
| 260 |
_bSanto Domingo _c2009 |
||
| 901 | _a5/12/2012 2:41:36 p.m. | ||
| 999 |
_c8277 _d8277 |
||